Evropské oceňovací standardy a jejich význam pro oceňování podniku

Všeobecná charakteristika a obsah Európskych oceňovacích štandardov. Ich väzby na svetové štandardy. Podrobné vymedzenie trhovej hodnoty ako základného štandardu hodnoty. Analýza smernice pre oceňovanie podnikov a to z pohľadu bežnej praxe v Českej republike. EVA Smernica 7 (Guidance 7) - Oceňovani...

ver descrição completa

Na minha lista:
Detalhes bibliográficos
Autor principal: Mařík, Miloš
Formato: Capítulo de Livro
Idioma:tcheco
Assuntos:
Tags: Adicionar Tag
Sem tags, seja o primeiro a adicionar uma tag!

MARC

LEADER 00000naa$a2200000$$$4500
001 0020133
005 20231114081356.6
041 0 |a cze 
044 |a CZ 
245 1 0 |a Evropské oceňovací standardy a jejich význam pro oceňování podniku  |c Miloš Mařík 
520 |a Všeobecná charakteristika a obsah Európskych oceňovacích štandardov. Ich väzby na svetové štandardy. Podrobné vymedzenie trhovej hodnoty ako základného štandardu hodnoty. Analýza smernice pre oceňovanie podnikov a to z pohľadu bežnej praxe v Českej republike. EVA Smernica 7 (Guidance 7) - Oceňovanie podniku. Možnosti použitia Európskych oceňovacích štandardov ako východiska pre prípravu českého štandardu pre oceňovanie podniku. 
610 2 0 |a oceňovanie 
610 2 0 |a podnik 
610 2 0 |a hodnota podniku 
610 2 0 |a hodnota pridaná ekonomická 
610 2 0 |a štandardy 
610 2 0 |a Česko 
610 2 0 |a Európska únia 
610 2 0 |a smernice 
100 1 |a Mařík, Miloš